Responses for Show #8693 - Wednesday, July 27, 2022

Contestants

[<< previous game]

Brianne Barker, a biology professor from Madison, New Jersey

Colleen Birney, a court monitor from Milford, Connecticut

Ed Coulson, an economics and real estate professor from Dana Point, California (whose 2-day cash winnings total $40,200)

[next game >>]

Jeopardy! Round responses

THE SOUTHERN U.S.
FICTION
A PRISONER OF YOUR OWN DEVICE
ALLITERATION
TENNIS ACES
ACCEPTABLE 2-LETTER SCRABBLE WORDS
    $200 11
Mississippi

Ed
    $200 2
The Martian Chronicles

Ed
    $200 26
(Ken: Yes, I'm a huge [*]er.)
(Colleen: Me too.)
(Ken: And your dog, probably.)
[Laughter]

TikTok

Colleen
    $200 16
March Madness

Brianne
    $200 1
Rafael Nadal

Brianne
    $200 21
ox

Brianne
    $400 12
Arkansas

Brianne
    $400 7
The Good Earth

Brianne
    $400 27
Candy Crush

Ed
    $400 17
deep dish (pizza)

Brianne
    $400 3
Martina Navratilova

Brianne
    $400 22
el

Ed
    $1,500 13
Peachtree

Brianne
    $600 8
Uncle Tom

Colleen
    $600 28
"Never Gonna Give You Up"

Brianne
    $600 18
(Colleen: Who is Betty?)
(Ken: More specifically?)
(Colleen: [Shakes head] Mm-mm.)

Betty Botter

Colleen
Triple Stumper
    $600 4
(Ed: What is Australia?)

the Australian Open

EdBrianne
    $600 23
oh my

Ed
    $800 14
Hatteras

Ed
    $800 9
Anna Karenina

Ed
    $800 29
Oculus

Brianne
    $800 19
(Colleen: What is Finals Fantasy? [*].)

Final Fantasy

Colleen
    $800 5
serve and volley

Ed
    $800 24
(Ken: Ed, you should have been there.)
(Ed: I feel terrible.)
[Laughter]

ed

Triple Stumper
    $1000 15
Tuscaloosa

Brianne
    $1000 10
Cloud Cuckoo Land

Triple Stumper
    $1000 30
(Ed: What are... [**]?)
(Ken: Sorry, that's out of time.)

push notifications (pushes)

EdColleen
    $1000 20
Planned Parenthood

Brianne
    $1000 6
Maureen Connolly

Ed
    $1000 25
xi

Brianne

Scores at the first commercial break (after clue 15):

Ed Colleen Brianne
$3,200 $600 $4,500

Scores at the end of the Jeopardy! Round:

Ed Colleen Brianne
$3,600 $2,000 $8,700

Double Jeopardy! Round responses

NOTABLE WOMEN
OSCAR WINNERS' TV ROLES
THE ANIMAL KINGDOM
TRANSPORTATION
"B.C."
A.D.
    $400 11
Sappho

Brianne
    $400 6
Robin Williams

Colleen
    $400 1
chameleons

Ed
    $400 26
a motorcycle

Colleen
    $400 14
boot camp

Colleen
    $400 19
Attila

Colleen
    $800 12
Northern Ireland

Colleen
    $800 7
Olivia Colman

Colleen
    $4,000 2
an opossum

Ed
    $800 27
banana boats

Colleen
    $800 15
(Colleen: I'm sorry, I don't know.)

a beauty contest

EdColleen
    $800 20
the Dalai Lama

Brianne
    $1200 13
Montessori

Colleen
    $1200 8
Rami Malek

Colleen
    $1200 3
(Colleen: What are giant squid?)

killer whales (orcas)

EdColleen
    $1200 28
a gyrocopter

Triple Stumper
    $1200 16
a Boa constrictor

Colleen
    $1200 21
Brazil

Triple Stumper
    $1600 22
Title IX

Ed
    $1600 9
Forest Whitaker

Brianne
    $1600 4
the thorax

Brianne
    $3,000 29
(Colleen: What is a... buggy?)

a Conestoga wagon

Colleen
    $1600 17
bok choy

Colleen
    $1600 24
Stratford-upon-Avon

Brianne
    $2000 23
Pavlova

Colleen
    $2000 10
Renée Zellweger

Triple Stumper
    $2000 5
a puffin

Ed
    $2000 30
a dhow

Triple Stumper
    $2000 18
bel canto

Ed
    $2000 25
(Marcus) Aurelius

Ed

Scores at the end of the Double Jeopardy! Round:

Ed Colleen Brianne
$17,600 $8,200 $14,700

[wagering suggestions for these scores]

Final Jeopardy! Round responses

REAL PEOPLE IN POETRY
(Ken: The contemporary of Milton was not a fellow poet; this is a poem that he wrote that mentioned [*], observing regions on the Moon through his glass.)
ColleenWho is ?
$2,200
BrianneWho is John Donne?
$3,000
EdWho is Spenser?
$11,800
Galileo

Final scores:

Ed Colleen Brianne
$5,800 $6,000 $11,700
3rd place: $1,000 2nd place: $2,000 New champion: $11,700

Game dynamics:

Coryat scores:

Ed Colleen Brianne
$14,400 $11,200 $13,800
17 R
(including 1 DD),
2 W
16 R,
4 W
(including 1 DD)
19 R
(including 1 DD),
0 W

Combined Coryat: $39,400

[game clues] [game scores] [suggest correction]

Game tape date: 2022-05-17
The J! Archive is created by fans, for fans. Scraping, republication, monetization, and malicious use prohibited; this site may use cookies and collect identifying information. See terms. The Jeopardy! game show and all elements thereof, including but not limited to copyright and trademark thereto, are the property of Jeopardy Productions, Inc. and are protected under law. This website is not affiliated with, sponsored by, or operated by Jeopardy Productions, Inc. Join the discussion at JBoard.tv.